|
|
|
|
| LEADER |
01893nam a22003733i 4500 |
| 001 |
EBC5754677 |
| 003 |
MiAaPQ |
| 005 |
20240729202202.0 |
| 006 |
m o d | |
| 007 |
cr cnu|||||||| |
| 008 |
240729s2019 xx o ||||0 eng d |
| 020 |
|
|
|a 9789176850732
|q (electronic bk.)
|
| 035 |
|
|
|a (MiAaPQ)EBC5754677
|
| 035 |
|
|
|a (Au-PeEL)EBL5754677
|
| 035 |
|
|
|a (OCoLC)1099331117
|
| 040 |
|
|
|a MiAaPQ
|b eng
|e rda
|e pn
|c MiAaPQ
|d MiAaPQ
|
| 100 |
1 |
|
|a Ghosh, Arpan.
|
| 245 |
1 |
0 |
|a Mathematical Modelling of Flow Through Thin Curved Pipes with Application to Hemodynamics.
|
| 250 |
|
|
|a 1st ed.
|
| 264 |
|
1 |
|a Linköping :
|b Linkopings Universitet,
|c 2019.
|
| 264 |
|
4 |
|c {copy}2019.
|
| 300 |
|
|
|a 1 online resource (31 pages)
|
| 336 |
|
|
|a text
|b txt
|2 rdacontent
|
| 337 |
|
|
|a computer
|b c
|2 rdamedia
|
| 338 |
|
|
|a online resource
|b cr
|2 rdacarrier
|
| 490 |
1 |
|
|a Linköping Studies in Science and Technology. Dissertations Series ;
|v v.1988
|
| 505 |
0 |
|
|a Intro -- Abstract -- PopulŁarvetenskaplig sammanfattning -- Acknowledgements -- List of Papers -- Contents -- Introduction -- Elements of continuum mechanics -- Curvilinear coordinates -- Asymptotic analysis -- References -- Papers.
|
| 588 |
|
|
|a Description based on publisher supplied metadata and other sources.
|
| 590 |
|
|
|a Electronic reproduction. Ann Arbor, Michigan : ProQuest Ebook Central, 2024. Available via World Wide Web. Access may be limited to ProQuest Ebook Central affiliated libraries.
|
| 655 |
|
4 |
|a Electronic books.
|
| 776 |
0 |
8 |
|i Print version:
|a Ghosh, Arpan
|t Mathematical Modelling of Flow Through Thin Curved Pipes with Application to Hemodynamics
|d Linköping : Linkopings Universitet,c2019
|
| 797 |
2 |
|
|a ProQuest (Firm)
|
| 830 |
|
0 |
|a Linköping Studies in Science and Technology. Dissertations Series
|
| 856 |
4 |
0 |
|u https://ebookcentral.proquest.com/lib/matrademy/detail.action?docID=5754677
|z Click to View
|